MARC

Tag First Indicator Second Indicator Subfields
LEADER 00000cas a2200000 a 4500
001 in00001728607
006 m o d f
007 cr a||||||||||
008 990923c19729999dcuar so s f0 0eng c
005 20240320215556.1
010 |a 2003230300 
019 |a 827204012  |a 869473766 
035 |a (OCoLC)ocm44289188 
040 |a AAA  |b eng  |c AAA  |d OCLCQ  |d GPO  |d OCLCQ  |d GPO  |d ZQP  |d GPO  |d NJR  |d OCLCO  |d OCLCQ  |d GPO  |d MvI 
042 |a pcc 
043 |a n-us--- 
049 |a WWW 
050 4 |a HV8699.U5  |b U5326 
074 |a 0968-H-41 (online) 
086 0 |a J 29.11/3: 
130 0 |a Capital punishment (Online) 
245 1 0 |a Capital punishment. 
260 |a Washington D.C. :  |b U.S. Dept. of Justice, Bureau of Justice Statistics 
300 |a 1 online resource (volumes). 
310 |a Annual 
336 |a text  |b txt  |2 rdacontent 
337 |a computer  |b c  |2 rdamedia 
338 |a online resource  |b cr  |2 rdacarrier 
362 1 |a Print began with: 1971/72. 
490 1 |3 2006-2013, 2018- :  |a Statistical tables / Bureau of Justice Statistics 
490 1 |3 1979-1984:  |a National prisoner statistics 
490 1 |3 1985-2005:  |a Bulletin / Bureau of Justice Statistics 
490 1 |3 2014/2015-2016:  |a Statistical brief 
588 0 |a 1979; title from PDF caption (viewed Apr. 8, 2016). 
588 1 |a 2018, published in 2020 (viewed Jan. 21, 2021). 
500 |a GPO Cataloging Record Distribution Program (CRDP). 
650 0 |a Capital punishment  |z United States  |v Statistics  |v Periodicals. 
650 7 |a Capital punishment.  |2 fast  |0 (OCoLC)fst00846392 
651 7 |a United States.  |2 fast  |0 (OCoLC)fst01204155 
655 0 |a Government publications. 
655 7 |a Periodicals.  |2 fast  |0 (OCoLC)fst01411641 
655 7 |a Statistics.  |2 fast  |0 (OCoLC)fst01423727 
655 7 |a Statistics.  |2 lcgft  |0 https://id.loc.gov/authorities/genreForms/gf2014026181 
710 1 |a United States.  |b Bureau of Justice Statistics.  |0 https://id.loc.gov/authorities/names/n80033364 
776 0 8 |i Print version, 1972-2010:  |t Capital punishment  |x 0191-3220  |w (DLC) 79640970  |w (OCoLC)3696303 
830 0 |a Statistical tables (United States. Bureau of Justice Statistics)  |0 https://id.loc.gov/authorities/names/no2012052888 
830 0 |a National prisoner statistics report.  |0 https://id.loc.gov/authorities/names/n42017437 
830 0 |a Bulletin (United States. Bureau of Justice Statistics)  |0 https://id.loc.gov/authorities/names/n86719780 
830 0 |a Statistical brief (United States. Bureau of Justice Statistics)  |0 https://id.loc.gov/authorities/names/no2021007325 
856 4 0 |3 FDLP Web archive  |u https://purl.fdlp.gov/GPO/LPS23986  |t 0 
856 4 0 |3 Agency website issues  |u https://purl.fdlp.gov/GPO/gpo88307  |t 0 
999 f f |s 9114a376-f3dd-393d-b5a9-efb7e19ac623  |i 0cf820a2-3aec-3514-952e-941f2ac03adb  |t 0 
952 f f |a Texas A&M University  |b College Station  |c Electronic Resources  |d Available Online  |t 0  |e J 29.11/3:  |h Superintendent of Documents classification 
998 f f |a J 29.11/3:  |t 0  |l Available Online